01030nas a2200277Ia 4500001002800000003001000028008004100038040002500079041001300104100002000117210001800137222001800155245004300173250001100216260000900227501012300236300001400359362003600373500005800409650002700467700001100494942000700505957000600512999003300518952020100551A06/R061-27114 [r000020722]IT-MiCISF161014c99999999xx |||||||||||| ||und|| aIT-MiCISFcIT-MiCISF aITALIANO aColombo Roberto aAnime e corpi aAnime e corpi 0aLa procreazione medicalmente assistita a1a ed. c1998 bCISF - Centro Internazionale Studi Famiglia - Via Giotto, 36 20145 MILANO (non commercial uses only)cCopyright 2016 app. 45-57 an. 195, gennaio-febbraio [1998] a Tema: procreazione-artificiale, chiesa, legislazione aPROCREAZIONEvarticolo aAA.VV. cCR 71 a27114bSig1c231250d231250 0010406A_06_000000000000000_R06127114_R00002072271aCISFbCISFd2016-10-14l0oA06/R061-27114 [r000020722]r2016-10-14 00:00:00w2016-10-14yCRzData import 15.10.2016 / by Epidotti, Vaglietti